000 00290 a2200121 4500
001 146472
040 _cEscola São Tomás de Aquino
100 _aMACHADO, Ana Maria
240 1 0 _aSimbad, o marujo
_lpor
245 1 0 _aSimbad, o marujo
697 _a*LITERATURA INFANTO JUVENIL
942 _cBK
999 _c146472
_d146472